[Event "SWE-chT2 0708"]
[Site "Sweden"]
[Date "2008.01.12"]
[Round "4"]
[White "Frisk Kockum, Anton"]
[Black "Sigurgeirsson, Brjann"]
[Result "0-1"]
[WhiteElo "2337"]
[BlackElo "2185"]
[PlyCount "88"]
[EventDate "2007.10.20"]
[EventType "team-tourn"]
[EventRounds "9"]
[EventCountry "SWE"]
[SourceTitle "EXT 2009"]
[Source "ChessBase"]
[SourceDate "2008.11.26"]
[SourceVersion "1"]
[SourceVersionDate "2008.11.26"]
[SourceQuality "1"]
[WhiteTeam "Orgryte"]
[BlackTeam "Lundby"]
[WhiteTeamCountry "SWE"]
[BlackTeamCountry "SWE"]

1. d4 Nf6 2. Nf3 g6 3. c4 c5 4. d5 e6 5. Nc3 exd5 6. cxd5 d6 7. e4 Bg7 8. Be2 0-0 9. Nd2 Re8 10. 0-0 Na6 11. a4 Nc7 12. f4 Rb8 13. Bf3 b6 14. Re1 Ba6 15. Ndb1 Bb7 16. Na3 a6 17. g4 b5 18. axb5 axb5 19. Naxb5 Nxb5 20. Nxb5 Bxd5 21. Nc3 Bb3 22. Qd2 Qb6 23. Qf2 Nd7 24. Be3 Bc4 25. Na4 Qc7 26. Kh1 Rb5 27. Rac1 Rb4 28. Nc3 Reb8 29. Nd1 Bd3 30. e5 dxe5 31. Bxc5 Rxf4 32. Be3 Rc4 33. Bd5 Rxc1 34. Bxc1 Qxc1 35. Ne3 Qc7 36. Qxf7+ Kh8 37. Be6 Qb7+ 38. Bd5 Be4+ 39. Bxe4 Qxe4+ 40. Ng2 Qc6 41. Rd1 Rxb2 42. Qe8+ Bf8 43. Rg1 Kg7 44. g5 Rb8 0-1